000 00737nam a2200241Ia 4500
003 GCL
008 140319s9999 xx 000 0 ara d
040 _aGCL /
_cGCL
082 0 4 _a338.7262
_bا ق
100 1 _aاحمد رشيد
245 1 0 _aالقطاع الخاص والسياسات العامة فى مصر /
_cاحمد رشيد
260 _a[S.N] :
_bمركز البحوث والدراسات السياسية ،
_c1989
300 _a177 ص
490 _a
650 0 4 _aمصر
650 0 4 _aالاقتصاد
650 0 4 _aالقطاع الخاص
650 0 4 _aالسياسة
650 0 4 _aالسياحة
650 0 4 _aقوانين وتشريعات
650 0 4 _aشركات القطاع الخاص
942 _2ddc
_cBK
999 _c30679
_d30679